Image mystère en pixel art – Noël - Statistiques

Statistiques générales
  • Ce quiz a été pris 889 fois
    870 depuis la dernière actualisation
  • Le résultat moyen est 14 sur 18
Réponses sur la Carte
Les réponses sont colorées sur une échelle allant du rouge au vert en fonction du pourcentage des utilisateurs qui les ont devinées à leur premier essai. Vous pouvez retrouver ces pourcentages ci-dessous.
 
Statistiques - réponses
Groupe Indice Réponse % Correct
Question Décoration généralement placée au sommet d'un sapin de Noël Etoile
98%
Question Figure importante du christianisme dont l'anniversaire est le jour de Noël Jésus
98%
Question Gâteau généralement servi à la fin du repas de Noël Bûche
97%
Question Boisson chaude et sucrée souvent servie avec des guimauves Chocolat chaud
91%
Question Elle a chanté "All I Want for Christmas Is You" Mariah Carey
89%
Question Traditionnellement, les couples s'embrassent sous cette plante, même si elle est toxique Gui
86%
Question Il donne des coups de martinet aux enfants pas sages Père Fouettard
85%
Question Là où le Père Noël est censé vivre Pôle Nord
85%
Image Cadeau
84%
Image Bonnet de Noël
80%
Question Un renne au nez rouge vif Rudolph
78%
Question Pays d'où vient la tradition de décorer des sapins pour Noël Allemagne
67%
Question Type de précipitation composée de cristaux de glace de forme hexagonale Flocon de neige
66%
Question Représentation de la Nativité, composée de santons en Provence Crèche
64%
Question Cadeaux que les trois rois mages ont offerts à l'enfant Jésus Or
62%
Question Que trouvent les enfants désobéissants sous le sapin de Noël ? Charbon
50%
Question Cadeaux que les trois rois mages ont offerts à l'enfant Jésus Encens
45%
Question Cadeaux que les trois rois mages ont offerts à l'enfant Jésus Myrrhe
33%
Aucun quiz correspondant
Distribution des résultats
% des personnes avec chaque résultat
Percentile par nombre de réponses
Votre historique - résultats
Vous n’avez pas pris ce quiz depuis la dernière actualisation